| 000 | 00756nam a2200169Ia 4500 | ||
|---|---|---|---|
| 008 | 090711s9999 xx 000 0 und d | ||
| 082 | _b51693 | ||
| 100 | _aदिघे प्रभाकर तुकाजी | ||
| 245 | _aस्वप्नंे व त्यंाSाी फलश्रुती | ||
| 260 |
_bश्रीगजानन बुक डेपो प्रकाशन _c1982 |
||
| 300 | _a99 | ||
| 600 | _aदिघे प्रभाकर तुकाजी | ||
| 630 | _aस्वप्नंे व त्यंाSाी फलश्रुती | ||
| 700 | _aदिघे प्रभाकर तुकाजी | ||
| 730 | _aस्वप्नंे व त्यंाSाी फलश्रुती | ||
| 942 | _cBOOK | ||
| 999 |
_c325522 _d325522 |
||